Curtir - Teñir - Acabar
| Format: | Section = Libro |
|---|---|
| Language: | Undetermined Spanish |
| Published: |
Alemania
[s.e]
[s.f.]
|
| Subjects: |
| LEADER | 00461nam a2200181Ia 4500 | ||
|---|---|---|---|
| 008 | 240830s9999 xx 000 0 und d | ||
| 040 | |a CEDOC FIQ-RUSB / 675.25 C978 | ||
| 041 | |a spa | ||
| 082 | |a 675.25 C978 | ||
| 245 | 1 | 0 | |a Curtir - Teñir - Acabar |
| 260 | |a Alemania |b [s.e] |c [s.f.] | ||
| 300 | |a 290 p. :il | ||
| 650 | 7 | |a ACABADO DEL CUERO | |
| 650 | 7 | |b COLORANTE PARA CUERO | |
| 650 | 7 | |c ACABADO DE POLIURETANO | |
| 942 | |c BK |2 ddc | ||
| 991 | |a TEXTO | ||
| 999 | |c 13064 | ||